| 000 | 00948nac a22003017a 4500 | ||
|---|---|---|---|
| 001 | BR9300174 | ||
| 003 | BR-BrBNA | ||
| 005 | 20240105121328.0 | ||
| 008 | 230509b bl.|||m| |||| 00| 0 por d | ||
| 040 |
_aBR-BrBNA _bpor _cBiblioteca Nacional de Agricultura |
||
| 072 | _aP10 | ||
| 090 | _aP10 BR9300174 | ||
| 100 | 1 | _aHerband, J.J.M. | |
| 100 | 1 | _aMagalhaes, F.X. de | |
| 100 | 1 | _aCadier, E. | |
| 100 | 1 | _aCavalcante, N.M. da C. | |
| 110 | 1 | _aSuperintendencia do Desenvolvimento do Nordeste, Recife, PE (Brasil) | |
| 245 | 1 |
_aBacia hidrografica representativa Juatama, Ceara _bRelatorio final |
|
| 260 | 3 |
_aRecife, PE (Brasil): _c1989. |
|
| 300 | _a163 p. | ||
| 490 |
_aBrasil. SUDENE. Hidrologia (Brazil) _vno. 24 _x |
||
| 500 | _a29 ref.; 33 illus.; Summary (Pt) | ||
| 650 | _aBacia Hidrografica | ||
| 650 | _aHidrometeorologia | ||
| 650 | _aCeara | ||
| 909 |
_a202312 _bLúcia Elande _c55 _dLúcia Elande |
||
| 942 |
_2AGRIS _n0 _cMS |
||
| 999 |
_c284665 _d284665 |
||